| 000 | 00765nam a2200217Ia 4500 | ||
|---|---|---|---|
| 999 |
_c65555 _d65555 |
||
| 005 | 20240530110831.0 | ||
| 008 | 140319s1993 ua a g b 000 0 ara d | ||
| 017 |
_bمصر. دار الكتب _a92/5543 |
||
| 020 | _a9771005456 | ||
| 040 |
_aGCL / _cGCL |
||
| 082 | 0 | 4 |
_221 _a246.1\ _bم إ |
| 100 | 0 | _aمهرى حسن ابوسعدة | |
| 245 | 1 | 2 |
_aالاتجاه العقلى فى مشكلة المعرفة عند المعتزلة / _cمهرى حسن ابوسعدة ؛ تصدير عاطف العراقى |
| 250 | _aط.1 | ||
| 260 |
_aالقاهرة : _bدار الفكر العربى، _c1993 . |
||
| 300 |
_a331 ص. ؛ _c24 سم |
||
| 650 | 0 | 4 |
_aالفرق الاسلامية _2qrmak |
| 650 | 0 | 4 | _aالمعتزلة |
| 651 | _2qrmak | ||
| 942 |
_2ddc _cBK |
||